Senderos pedagógicos : (Record no. 22149)

000 -CABECERA
fixed length control field 00908nam a22002057a 4500
003 - IDENTIFICADOR DEL NÚMERO DE CONTROL
control field AR-CdUCM
008 - DATOS DE LONGITUD FIJA--INFORMACIÓN GENERAL
fixed length control field 190429b ||||| |||| 00| 0 spa d
040 ## - FUENTE DE LA CATALOGACIÓN
Agencia/entidad que catalogó originalmente la obra MUNICIPALIDAD PROVINCIAL DEL CUSCO
Entidad que transcribió la catalogación BIBLIOTECA MUNICIPAL DEL CUSCO
082 ## - NÚMERO DE LA CLASIFICACIÓN DECIMAL DEWEY
No. de Clasificación Senderos/N°2/1955
245 ## - MENCIÓN DE TÍTULO
Título Senderos pedagógicos :
Resto del título órgano de los maestros primarios del Cuzco /
260 ## - PUBLICACIÓN, DISTRIBUCIÓN, ETC.
Lugar de publicación, distribución, etc. Cuzco.
Nombre de la editorial, distribuidor, etc. Garcilaso,
Fecha de publicación, distribución, etc. 1955.
300 ## - DESCRIPCIÓN FÍSICA
Nº de Páginas Extensión 254 páginas. :
Dimensiones 21 cm.
440 ## - MENCIÓN DE SERIE/PUNTO DE ACCESO ADICIONAL--TÍTULO
Título senderos pedagógicos
Número de la parte/sección de una obra Año II, N°2, junio 1955.
9 (RLIN) 47538
505 ## - NOTA DE CONTENIDO CON FORMATO
Nota de contenido formateada Contenido: Plan general de la concentración. -- La educación incaica en La Nueva Coronica y Buen Gobierno de Guamán Poma de Ayala. Edmundo Delgado Vivanco. -- La enseñanza de la música. Mac Cervantino. -- Acción social del Magisterio Cuzqueño. ...
650 ## - PUNTO DE ACCESO ADICIONAL DE MATERIA--TÉRMINO DE MATERIA
Descriptor Pedagogía
9 (RLIN) 1560
650 ## - PUNTO DE ACCESO ADICIONAL DE MATERIA--TÉRMINO DE MATERIA
Descriptor Colegios Cusco
9 (RLIN) 47491
650 ## - PUNTO DE ACCESO ADICIONAL DE MATERIA--TÉRMINO DE MATERIA
Descriptor Educación
9 (RLIN) 460
942 ## - ELEMENTOS DE PUNTO DE ACCESO ADICIONAL (KOHA)
Fuente de clasificación
Tipo de item Revistas cusqueñas
945 ## - PROCESAMIENTO DE INFORMACIÓN LOCAL (OCLC)
Catalogador rac
Holdings
Estado de retiro (separado) Fuente de clasificación o esquema de estanterías Estado dañado Ubicación Sala donde se ubica Nombre de la colección Fecha de adquisición o compra Costo, precio normal en soles Signatura topográfica Código de Barras Última vez visto (Koha) Tipo de ítem (Koha)
No     Sala Hemeroteca Sala Hemeroteca Book Cart 2022-03-15 5.00 Senderos/N°2/1955 REVC000686 2022-03-15 Revistas cusqueñas

Powered by Koha